000 00524nam a2200169 4500
001 120497
003 ES-MaACL
005 20250921063031.0
007 t|
008 070214s1934 fr r ||||1| fre d
100 1 _aPitollet, Camille,
_d1874-1964
_992417
245 1 4 _aLes fouilles d'Alesia, 1905 - 1914
_b: souvenirs d'un vieuse Bourguignon /
_cCamille Pitollet.
260 _aParis :
_bMercure Universel,
_c1934.
300 _a20 p. ;
_c21 x 13 cm.
852 _aES-MaACL
_j1783-F-9
999 _c120497
_d120497